Aplikácia metódy FMEA ako nástroja na prevenciu vzniku nezhodných produktov v podmienkach spoločnosti JAMP SVORADA s. r. o.

Salvato in:
Dettagli Bibliografici
Autore principale: Masár, Martin, 1989- (Autore)
Altri autori: Pokusová, Marcela, 1964- (Relatore della tesi)
Natura: Manoscritto Libro
Lingua:slovacco
Pubblicazione: Bratislava : STU v Bratislave SjF, 2014
Soggetti:
Accesso online:VAIS
Tags: Aggiungi Tag
Nessun Tag, puoi essere il primo ad aggiungerne!!

MARC

LEADER 00000ntm a22000003a 4500
001 stu295881
005 20150617230316.4
008 140823s2014----xo------------------slo-d
040 |a STU  |b slo 
041 0 |a slo 
044 |a xo 
100 1 |a Masár, Martin,  |d 1989-  |4 aut  |u J  |T SjF Strojnícka fakulta  |X 62592  |U J  |Y 20  |7 A000062592 
242 0 0 |a An application of a FMEA method as a tool of prevention of malformed products creation in environment of JAMP Svorada, s.r.o. company  |y eng 
245 1 |a Aplikácia metódy FMEA ako nástroja na prevenciu vzniku nezhodných produktov v podmienkach spoločnosti JAMP SVORADA s. r. o. 
260 |a Bratislava :  |b STU v Bratislave SjF,  |c 2014 
650 7 |a kvalita produkcie v strojárskych podnikoch  |2 stusub 
650 7 |a Quality of Production in Engineering Enterprises  |2 estusub 
650 7 |a riadenie kvality  |2 stusub 
650 7 |a vývojový diagram  |2 stusub 
700 1 |a Pokusová, Marcela,  |d 1964-  |4 ths  |u J0070  |U SjF Strojnícka fakulta  |T SjF Ústav výrobných systémov, enviromentálnej techniky a manažment kvality  |X 236  |U J0070  |Y 804  |7 A000000236 
856 4 |a info a plný text  |u http://is.stuba.sk/zp/portal_zp.pl?podrobnosti=103723  |3 VAIS